000 00211nam a2200085Ia 4500
008 120527s9999 xx 000 0 und d
100 _aRobinson, W
245 _aFundamentals of experimental psychology
942 _cBK
999 _c27594
_d27594